000 01853nam a2200277 i 4500
003 DO-SdBNP
005 20230502100201.0
006 a||||gr|||| 00| 0
007 ta
008 230420e1926 dr |||gr|||| 001 e eng d
040 _aDO-SdBNP
_bspa
_cBNPHU
_erda
041 0 7 _heng
082 4 _222
_bS237d
245 _aSanto Domingo--Dominican Republic (in the west indies) 1905 to 1925 :
_bits commerce, shiping, customs procedure, port facilities and other information of interest to merchants, shipperes, captains of vessels. /
_ccompilado por: Walter M. St. Elmo.
264 3 3 _aSanto Domingo :
_bJ. R. Vda. García,
_c1926
300 _a175 páginas ;
_c23 cm.
336 _2rdaconten
_atexto
_btxt
337 _2rdamedia
_asin medición
_bn
338 _2rdacarrier
_avolumen
_bnc
500 _aHaving commercial relations whit, or interest in the Domincan Republic, and to those seeking new fields, whether for trade, investment or travel in the west indies. offered as little commercial-industrial propaganda. A helpful "boost" containing many brief item of dependable inflrmation concernieng the "country whitz a
500 _aIncluye índice, página 169 - 175
505 _tOpportunities of investment.--
_tIndustrial Possibilties.--
_tHistorical points of interest.--
_tColumbus memorial.--
_tHighways and railways.--
_tPublic improvements.--
_tEntry porsta and whartf facilities.--
_tSteamship lines.--
_tGeneral information.--
_tHains for shippers and importers.--
_tHinst for shippers and importers.--
_tHinst for captains of vessels.--
_tTexes affecting imports and exports.--
_tForeign debt.--
_tStatistical tables.--
_tTrade balances-imports- exports.--
_tExports, 1905 to 1925.--
_tIndez to exports.--
_tImports, 1905 to 1925.--
_tIndex to imports.
590 _aInventariado 2023 / MF
700 _aWalter M. St. Elmo.
_983292
942 _2ddc
_cLBS1
999 _c53320
_d53320